header

Respiratory management in critical care (Record no. 180112)

MARC details
000 -LEADER
fixed length control field 01111nam a2200289Ia 4500
245 00 - TITLE STATEMENT
Title Respiratory management in critical care
260 ## - PUBLICATION, DISTRIBUTION, ETC. (IMPRINT)
Place of publication London :
Name of publisher BMJ Pub. Group,
Year of publication 2004.
300 ## - PHYSICAL DESCRIPTION
Number of Pages 145 p.
650 #0 - SUBJECT ADDED ENTRY--TOPICAL TERM
Topical Term Respiratory intensive care.
Topical Term Respiratory organs
Topical Term Respiratory therapy.
700 1# - ADDED ENTRY--PERSONAL NAME
Personal name Griffiths, M. J. D.
Personal name Evans, Timothy W.
856 40 - ELECTRONIC LOCATION AND ACCESS
Uniform Resource Identifier http://site.ebrary.com/lib/rucke/Doc?id=10049669

No items available.

© 2026 Rongo University
Contact us: librarian | system librarian | Rongo university